<?xml version="1.0" encoding="UTF-8"?>
<marc:record xmlns:marc="http://www.loc.gov/MARC21/slim">
   <marc:leader>00000nam a2200000 a 4500</marc:leader>
   <marc:datafield ind1="1" ind2=" " tag="100">
      <marc:subfield code="a">Walsh, Rosie ::[VerfasserIn]::</marc:subfield>
      <marc:subfield code="4">aut</marc:subfield>
      <marc:subfield code="e">Verfasser/-in</marc:subfield>
   </marc:datafield>
   <marc:datafield ind1="1" ind2=" " tag="100">
      <marc:subfield code="a">Retterbush, Stefanie :</marc:subfield>
   </marc:datafield>
   <marc:datafield ind1="1" ind2=" " tag="100">
      <marc:subfield code="a">Groth, Steffen :</marc:subfield>
   </marc:datafield>
   <marc:datafield ind1="1" ind2=" " tag="100">
      <marc:subfield code="a">Steffenhagen, Britta :</marc:subfield>
   </marc:datafield>
   <marc:datafield ind1=" " ind2=" " tag="653">
      <marc:subfield code="a">$aErzählende Literatur: Gegenwartsliteratur ab 1945</marc:subfield>
   </marc:datafield>
   <marc:datafield ind1="0" ind2="0" tag="245">
      <marc:subfield code="a">Ohne ein einziges Wort</marc:subfield>
   </marc:datafield>
   <marc:datafield ind1="0" ind2="0" tag="245">
      <marc:subfield code="b">mp3</marc:subfield>
   </marc:datafield>
   <marc:datafield ind1="0" ind2="0" tag="245">
      <marc:subfield code="c">Rosie Walsh ; gelesen von Britta Steffenhagen und Steffen Groth ; aus dem Englischen von Stefanie Retterbush</marc:subfield>
   </marc:datafield>
   <marc:datafield ind1=" " ind2="1" tag="264">
      <marc:subfield code="a">München</marc:subfield>
      <marc:subfield code="b">Goldmann</marc:subfield>
      <marc:subfield code="c">2018</marc:subfield>
   </marc:datafield>
   <marc:datafield ind1="1" ind2=" " tag="490">
      <marc:subfield code="a">Goldmann ; 48738</marc:subfield>
   </marc:datafield>
   <marc:datafield ind1=" " ind2=" " tag="250">
      <marc:subfield code="a">Vollständige Lesung</marc:subfield>
   </marc:datafield>
   <marc:datafield ind1="1" ind2=" " tag="520">
      <marc:subfield code="a">"Seit einem schrecklichen Unfall vor 19 Jahren lebt die Engländerin Sarah Harrington in Kalifornien. Bei ihrem jährlichen Heimaturlaub begegnet sie Eddie David. Sie verleben eine wunderbare Woche und planen ihre gemeinsame Zukunft. Dann meldet sich Eddie nicht wie abgesprochen, Schlimmes muss passiert sein. Die Autorin ... erzählt die Geschichte um die Liebenden nicht chronologisch, sondern zunächst aus der Sicht Sarahs, gerade nach einer kinderlosen Ehe geschieden. Zwischen ihrem Warten, Bangen und Hoffen wird in kurzen Kapiteln nach und nach das Geflecht der Familiengeschichten enthüllt. Dabei wechseln die Zeitebenen zwischen Gegenwart, jüngster und fernerer Vergangenheit, dazwischen rätselhafte Briefe und Nachrichten ... Das Cover verspricht Liebesromantik, die Verlagswerbung sorgt für Aufmerksamkeit, Taschenbuch-Spiegel-Bestseller" . Britta Steffenhagen bestreitet mit ihrer leicht rauchigen Stimme den gröten Teil der Lesung und trifft genau den richtigen Ton, um die Emotionen der Heldin erlebbar zu machen. Der Schauspieler Steffen Groth übernimmt Eddies Sicht</marc:subfield>
   </marc:datafield>
   <marc:datafield ind1=" " ind2=" " tag="020">
      <marc:subfield code="a">9783442487387</marc:subfield>
      <marc:subfield code="9">9783442487387</marc:subfield>
   </marc:datafield>
   <marc:datafield ind1=" " ind2=" " tag="020">
      <marc:subfield code="a">3442487382</marc:subfield>
      <marc:subfield code="9">3442487382</marc:subfield>
   </marc:datafield>
   <marc:datafield ind1=" " ind2=" " tag="500">
      <marc:subfield code="a">Hier auch später erschienene, unveränderte Nachdrucke</marc:subfield>
   </marc:datafield>
   <marc:datafield ind1=" " ind2=" " tag="542">
      <marc:subfield code="d">Der Hörverlag ::[Verlag]::</marc:subfield>
   </marc:datafield>
   <marc:datafield ind1=" " ind2=" " tag="300">
      <marc:subfield code="a">1 CD (circa 9 h 21 min)</marc:subfield>
   </marc:datafield>
</marc:record>
